EMEA corporate occupier conditions March 2012 (Record no. 113390)
[ view plain ]
| 000 -LEADER | |
|---|---|
| fixed length control field | 01154cad a22002415a 4500 |
| 001 - CONTROL NUMBER | |
| control field | L155200 |
| 008 - FIXED-LENGTH DATA ELEMENTS--GENERAL INFORMATION | |
| fixed length control field | 120309s2012 xxk 000 0 eng d |
| 035 ## - SYSTEM CONTROL NUMBER | |
| System control number | (Sirsi) u155200 |
| 041 0# - LANGUAGE CODE | |
| Language code of text/sound track or separate title | eng |
| 110 2# - MAIN ENTRY--CORPORATE NAME | |
| Corporate name or jurisdiction name as entry element | Jones Lang LaSalle |
| 9 (RLIN) | 3755 |
| 245 00 - TITLE STATEMENT | |
| Title | EMEA corporate occupier conditions March 2012 |
| 260 ## - PUBLICATION, DISTRIBUTION, ETC. | |
| Place of publication, distribution, etc. | [S.l.] |
| Name of publisher, distributor, etc. | Jones Lang LaSalle |
| Date of publication, distribution, etc. | 2012 |
| 490 ## - SERIES STATEMENT | |
| Series statement | Jones Lang LaSalle EMEA Corporate Occupier Conditions |
| Volume/sequential designation | March 2012 |
| 520 ## - SUMMARY, ETC. | |
| Summary, etc. | Caution prevailed in the corporate occupier sector in the second half of 2011 with occupier activity reduced in many markets. Summarises EMEA corporate occupier market conditions, outlines regional activity for Western Europe, Central and Eastern Europe, and Middle East and Africa. Provides data tables for corporate occupiers markets across EMEA. |
| 590 ## - LOCAL NOTE (RLIN) | |
| Local note | NTK KA |
| 650 24 - SUBJECT ADDED ENTRY--TOPICAL TERM | |
| Topical term or geographic name entry element | JONES LANG LASALLE EMEA CORPORATE OCCUPIER CONDITIONS |
| 651 #4 - SUBJECT ADDED ENTRY--GEOGRAPHIC NAME | |
| Geographic name | Europe |
| 651 4# - SUBJECT ADDED ENTRY--GEOGRAPHIC NAME | |
| Geographic name | Middle East |
| 651 #4 - SUBJECT ADDED ENTRY--GEOGRAPHIC NAME | |
| Geographic name | Africa |
| 690 ## - LOCAL SUBJECT ADDED ENTRY--TOPICAL TERM (OCLC, RLIN) | |
| Topical term or geographic name as entry element | Commercial property |
| 9 (RLIN) | 6227 |
| 856 40 - ELECTRONIC LOCATION AND ACCESS | |
| Uniform Resource Identifier | <a href="https://www.joneslanglasalle.co.uk/UnitedKingdom/EN-GB/Pages/ResearchFilter.aspx">https://www.joneslanglasalle.co.uk/UnitedKingdom/EN-GB/Pages/ResearchFilter.aspx</a> |
| Public note | View the report at www.joneslanglasalle.co.uk |
| 942 ## - ADDED ENTRY ELEMENTS (KOHA) | |
| Suppress in OPAC | 0 |
| Withdrawn status | Lost status | Source of classification or shelving scheme | Damaged status | Not for loan | Home library | Current library | Shelving location | Date acquired | Total Checkouts | Full call number | Barcode | Date last seen | Copy number | Price effective from | Koha item type |
|---|---|---|---|---|---|---|---|---|---|---|---|---|---|---|---|
| Dewey Decimal Classification | Virtual | Virtual | Online | 09/03/2012 | ONLINE PUBLICATION | 155200-2001 | 06/08/2019 | 1 | 06/08/2019 | Book |